000 01552cam a22004574i 4500
003 PE-LiUPU
005 20250731184553.0
008 150625s r 000 0 d
035 _a(Sirsi) a35205
040 _aPE-LiUPU
_bspa
_cPE-LiUPU
_erda
082 0 4 _a980.04
_bR763l
_223
100 1 _aRomero, Fray Francisco,
_eautor.
245 1 0 _aLlanto sagrado de la América Meridional /
_cFray Francisco Romero.
264 _aLima :
_bBiblioteca Nacional del Perú,
_c1988.
300 _a97 páginas :
_c20 centímetros.
336 _atext
_2rdacontent
337 _aunmediated
_2rdamedia
338 _avolume
_2rdacarrier
490 _3(Perulibros)
504 _aIncluye bibliografía.
505 _aEl padre Francisco Romero su vida y obra -- Reverendísimo señor padre maestro -- Sacra y católica majestad.
526 _aP136
526 _aP135
526 _aP134
526 _aP133
526 _aP144
526 _aP143
526 _aP87
526 _aP35
526 _aP20
526 _aP14
526 _aP10
526 _aP06
600 1 8 _aCarlos
_bII,
_cRey de España,
_d1661-1700.
_93123
610 2 8 _aIglesia Católica
_zAmérica Latina.
_93124
651 2 8 _aAmérica Latina
_xHistoria
_yEpoca Colonial.
_93125
942 _2ddc
_cBK
_n0
949 _a266.00972 R763l
_wDEWEY
_c1
_i33192
_lCCODEBUL1
_mBUL
_p00.00
_r0
_sY
_tBOOK
_u2015-06-25
_xBIBLIOTECA
_zUNKNOWN
_0COMPRA
_o.STAFF. Colección General
980 _81
_gALBERTO SANCHEZ Responsable de Automatización
999 _c43147
_d43147